Medi social i cultural : ciclè mitjà, educació primària

Gespeichert in:
Bibliographische Detailangaben
1. Verfasser: Alcoberro i Pericay, Agustí, 1958-
Weitere Verfasser: Ortoll, Carme
Format: Buch
Sprache:Katalanisch
Erschienen: [Barcelona] : Barcanova, 1996
Katalog:MANES:  Suchergebnis im Bibliothekskatalog
Schulbuchspezifische Eigenschaften:
Schriftenreihe:Peix de sabó
Tags: Tag hinzufügen
Keine Tags, Fügen Sie den ersten Tag hinzu!
Hinzugefügt zu:26.10.2003
Geändert in:07.05.2025

MARC

LEADER 00000nam a2200000 a 4500
001 .b2052944
003 ES-BaCBU
005 20250507130134.0
008 031027s1996 spc||||||l 000 ||cat|c
017 |a DL B. 24852-1996  |a DL B. 18102-1998  |a DL B. 17760-1996 (llibre)  |a DL B. 26209-1996 (guia) 
020 |a 8448902858 ([llibre de text] 1)  |a 8448902874 ([llibre de text] 2)  |a 8448902866 (Proposta didàctica 1)  |a 8448902882 (Proposta didàctica 2) 
040 |a ES-BaUB  |b cat  |c ES-BaUB 
100 1 |a Alcoberro i Pericay, Agustí,  |d 1958-  |9 32903 
245 1 0 |a Medi social i cultural :  |b ciclè mitjà, educació primària /  |c Agustí Alcoberro, Carme Ortoll 
260 |a [Barcelona] :  |b Barcanova,  |c 1996 
300 |a 99 p. 
500 |a Reimpressions: 1998 
505 8 |a Conté: Llibre de l'alumne, proposta didàctica 
546 |a España 
561 |5 es-CRAI  |3 p1 TX EP 5/3 BAR  |a España. Biblioteca Universitat de Barcelona  |k MANES 
690 0 |a CS 
691 0 |a PRI 
700 1 |a Ortoll, Carme  |9 32904 
830 0 |a Peix de sabó  |9 32730 
856 |y Registro en Cercabib - CRAI 
942 |2 ddc  |c BK 
999 |c 89705  |d 89705 
999 |c manes:89705  |d 89705